000
00325nam a22001337a 4500
003
SISC
005
20160309173125.0
008
160309b xxu||||| |||| 00| 0 eng d
020
_a
9786058603714
100
_a
Yayici, Emrah
245
_a
Business Analyst's mentor book
_c
Emrah Yayici
300
_a
105 p.
942
_2
lcc
_c
BK
999
_c
291519
_d
291519